[Event "4NCL/Div1/SLO1-BG1"]
[Site "Birmingham ENG"]
[Date "2002.??.??"]
[Round "11.1"]
[White "Wells, Peter K"]
[Black "Nunn, John DM"]
[Result "0-1"]
[WhiteElo "2499"]
[BlackElo "2595"]
[PlyCount "78"]
[EventDate "2002.??.??"]

1. d4 Nf6 2. Bg5 Ne4 3. Bf4 c5 4. f3 Qa5+ 5. c3 Nf6 6. d5 Qb6 7. Bc1 e6 8. c4
exd5 9. cxd5 d6 10. e4 g6 11. Na3 Nbd7 12. Nc4 Qc7 13. a4 Nb6 14. Na3 Bd7 15.
a5 Nc8 16. Nb5 Qb8 17. Bg5 Bg7 18. e5 dxe5 19. d6 O-O 20. Nc7 Ne8 21. Nxa8
Nexd6 22. Ne2 Be6 23. Nc3 Qxa8 24. Be3 c4 25. Bc5 Qb8 26. Ne4 Nxe4 27. fxe4 Re8
28. Qa4 Rd8 29. Bxc4 {(=)} 29... Qc7 30. Bxe6 Qxc5 31. Bd5 Qe3+ 32. Kf1 Ne7 33.
Qa3 Nxd5 34. exd5 Qf4+ 35. Ke2 Qe4+ 36. Kf2 Rc8 37. Qf3 Qd4+ 38. Kg3 e4 39. Qe2
Rc2 0-1

[Event "4NCL/Div1/SLO1-BG1"]
[Site "Birmingham ENG"]
[Date "2002.??.??"]
[Round "11.2"]
[White "Rogers, Ian"]
[Black "Wohl, Aleksandar H"]
[Result "1-0"]
[WhiteElo "2559"]
[BlackElo "2388"]
[PlyCount "63"]
[EventDate "2002.??.??"]

1. d4 c5 2. d5 g6 3. c4 Bg7 4. e4 d6 5. Bd3 e6 6. Nc3 Ne7 7. h4 a6 8. a4 exd5
9. cxd5 Nd7 10. h5 Ne5 11. Be2 f5 12. Nh3 fxe4 13. Nxe4 Bf5 14. h6 Bxe4 15.
hxg7 Rg8 16. Nf4 c4 17. Rxh7 Qa5+ 18. Bd2 Qb6 19. Bc3 g5 20. Rh6 gxf4 21. Bxe5
O-O-O 22. a5 Qc5 23. Bd4 Qxd5 24. Bxc4 Qg5 25. Qh5 Qxg2 26. Bxg8 Nxg8 27. Qh3+
Qxh3 28. Rxh3 Re8 29. Kd2 f3 30. Re1 Kd7 31. Rh4 d5 32. Rf4 1-0

[Event "4NCL/Div1/SLO1-BG1"]
[Site "Birmingham ENG"]
[Date "2002.??.??"]
[Round "11.3"]
[White "Kiseleva, Natalia"]
[Black "Gallagher, Joseph G"]
[Result "1/2-1/2"]
[WhiteElo "2373"]
[BlackElo "2498"]
[PlyCount "40"]
[EventDate "2002.??.??"]

1. d4 Nf6 2. c4 g6 3. g3 Bg7 4. Bg2 O-O 5. Nc3 d6 6. Nf3 Nbd7 7. O-O e5 8. e4
exd4 9. Nxd4 Re8 10. h3 a6 11. Re1 Rb8 12. Rb1 h6 13. b3 Nc5 14. Bb2 Bd7 15.
Qd2 b5 16. b4 Ne6 17. Nxe6 Bxe6 18. cxb5 axb5 19. Nd5 Rc8 20. a3 Nxd5 1/2-1/2

[Event "4NCL/Div1/SLO1-BG1"]
[Site "Birmingham ENG"]
[Date "2002.??.??"]
[Round "11.4"]
[White "Hebden, Mark L"]
[Black "McNab, Colin A"]
[Result "1/2-1/2"]
[WhiteElo "2537"]
[BlackElo "2411"]
[PlyCount "59"]
[EventDate "2002.??.??"]

1. d4 d6 2. e4 g6 3. Nc3 Bg7 4. Be3 Nf6 5. Nf3 c6 6. Qd2 Qa5 7. h3 Nbd7 8. a3
O-O 9. Bd3 e5 10. O-O Re8 11. Bc4 exd4 12. Bxd4 Ne5 13. Bxe5 dxe5 14. Rfd1 Qc5
15. Bb3 Be6 16. Bxe6 Rxe6 17. Qd3 Ree8 18. a4 Bf8 19. Nd2 Rad8 20. Qf3 Kg7 21.
Nb3 Qc4 22. Rd3 Bb4 {(=)} 23. Rad1 Rxd3 24. Qxd3 Qe6 25. f3 Re7 26. Na2 Rd7 27.
Qe2 Rxd1+ 28. Qxd1 Be7 29. Nc3 Nh5 30. Qf1 1/2-1/2

[Event "4NCL/Div1/SLO1-BG1"]
[Site "Birmingham ENG"]
[Date "2002.??.??"]
[Round "11.5"]
[White "Howell, David WL"]
[Black "McShane, Luke J"]
[Result "0-1"]
[WhiteElo "2239"]
[BlackElo "2538"]
[PlyCount "70"]
[EventDate "2002.??.??"]

1. e4 c5 2. Nf3 Nc6 3. Bb5 g6 4. Bxc6 bxc6 5. O-O Bg7 6. Re1 Nh6 7. d4 cxd4 8.
Nxd4 O-O 9. c4 Qb6 10. Nb3 d6 11. c5 dxc5 12. Qc2 c4 13. Qxc4 Ng4 14. Qc2 Qc7
15. g3 Ne5 16. Kg2 Qd7 17. N1d2 Qh3+ 18. Kg1 Ba6 19. f4 Nd3 20. Re3 Rad8 21.
Nf3 Nxf4 22. Re1 Nd3 23. Bg5 Nxe1 24. Rxe1 Rd3 25. Qxc6 Rxf3 26. Qxa6 Rxg3+ 27.
hxg3 Qxg3+ 28. Kf1 Qxg5 29. Qxa7 Bxb2 30. Re2 Rd8 31. Rxb2 Rd1+ 32. Ke2 Qg4+
33. Ke3 Qg3+ 34. Ke2 Qd3+ 35. Kf2 Rf1+ 0-1

[Event "4NCL/Div1/SLO1-BG1"]
[Site "Birmingham ENG"]
[Date "2002.??.??"]
[Round "11.6"]
[White "Summerscale, Aaron"]
[Black "Thiruchelvam, Thirumurugan"]
[Result "1-0"]
[WhiteElo "2503"]
[BlackElo "2269"]
[PlyCount "129"]
[EventDate "2002.??.??"]

1. Nf3 Nf6 2. c4 e6 3. Nc3 d5 4. d4 c6 5. e3 Be7 6. Bd3 O-O 7. O-O dxc4 8. Bxc4
b5 9. Bd3 b4 10. Ne4 Ba6 11. Nxf6+ Bxf6 12. a3 Qa5 13. Bxa6 Nxa6 14. Bd2 Qb5
15. axb4 Nxb4 16. Qa4 Qxa4 17. Rxa4 Nd3 18. b4 Rfb8 19. Rfa1 h6 20. R1a3 Nb2
21. Rxa7 Rxa7 22. Rxa7 Nd3 23. Rc7 Nxb4 24. Bxb4 Rxb4 25. g3 Rc4 26. Nd2 Rc1+
27. Kg2 e5 28. Ne4 exd4 29. Nxf6+ gxf6 30. exd4 Rd1 31. Rxc6 Rxd4 32. Rxf6 Kg7
33. Ra6 Rd3 34. g4 f6 35. Ra5 Rd7 36. Kg3 Rb7 37. Rd5 Kg6 38. h4 Rc7 39. Kf4
Rc4+ 40. Kf3 Rc3+ 41. Ke4 Rc4+ 42. Rd4 Rc7 43. f4 Re7+ 44. Kf3 Rb7 45. Ra4 Re7
46. Rb4 Kg7 47. Rb6 Kf7 48. Rb4 Kg7 49. Re4 Ra7 50. Ke3 Ra3+ 51. Kd4 Kf7 52. f5
Rh3 53. Kd5 Rd3+ 54. Rd4 Re3 55. Kd6 Rh3 56. Rb4 Rd3+ 57. Kc5 Rd7 58. Kc6 Rd8
59. Rb7+ Ke8 60. Kc5 Kf8 61. Rh7 Rd1 62. Rxh6 Kg7 63. Rg6+ Kf7 64. g5 fxg5 65.
hxg5 1-0

[Event "4NCL/Div1/SLO1-BG1"]
[Site "Birmingham ENG"]
[Date "2002.??.??"]
[Round "11.7"]
[White "Mehmeti, Dritan"]
[Black "Chandler, Murray G"]
[Result "1-0"]
[WhiteElo "2255"]
[BlackElo "2543"]
[PlyCount "140"]
[EventDate "2002.??.??"]

1. d4 Nf6 2. Bg5 c5 3. Bxf6 gxf6 4. d5 Qb6 5. Qc1 Bg7 6. e3 f5 7. c3 Na6 8. g3
e6 9. Bg2 Nc7 10. dxe6 fxe6 11. Nh3 e5 12. O-O O-O 13. c4 Qh6 14. f4 d6 15. Nc3
Be6 16. b3 Qf6 17. Ne2 exf4 18. Nhxf4 Qxa1 19. Qxa1 Bxa1 20. Rxa1 Bc8 21. Rd1
Rd8 22. Nc3 Rb8 23. a4 a6 24. e4 fxe4 25. Nxe4 Bf5 26. g4 Bxe4 27. Bxe4 Kh8 28.
Rd3 Rf8 29. Bf5 Rbd8 30. a5 Rf7 31. Kg2 Re7 32. Rh3 Rf7 33. Rd3 Rg8 34. Kf3 Rd8
35. h4 Ne8 36. Ne6 Rb8 37. Ng5 Re7 38. Ne4 Kg8 39. g5 b5 40. axb6 Rxb6 41. h5
a5 42. h6 a4 43. bxa4 Rb4 44. Ng3 Reb7 45. Re3 Rb3 46. Bd3 Kf8 47. Nf5 Ra7 48.
Kg2 Ra3 49. Rf3 Rf7 50. Be4 Rxf3 51. Kxf3 d5 52. cxd5 c4 53. Ke3 c3 54. Bc2 Rd7
55. Ke4 Nc7 56. Ne3 Na6 57. Kd4 Nb4 58. Bf5 Rc7 59. d6 Rc6 60. Bxh7 c2 61. Nxc2
Nxc2+ 62. Kd5 Rc8 63. d7 Nb4+ 64. Kd4 Rb8 65. g6 Nc6+ 66. Kc5 Ne7 67. Kd6 Rb6+
68. Kc7 Nd5+ 69. Kc8 Ne7+ 70. Kd8 Ra6 1-0

[Event "4NCL/Div1/SLO1-BG1"]
[Site "Birmingham ENG"]
[Date "2002.??.??"]
[Round "11.8"]
[White "Richards, Heather S"]
[Black "Richmond, Robert J"]
[Result "1-0"]
[WhiteElo "2252"]
[BlackElo "2234"]
[PlyCount "71"]
[EventDate "2002.??.??"]

1. e4 e5 2. Nc3 Bc5 3. Bc4 d6 4. d3 c6 5. h3 Nd7 6. Nf3 Ngf6 7. Na4 Bb4+ 8. c3
Ba5 9. b4 Bc7 10. Qb3 O-O 11. Ng5 Qe7 12. b5 h6 13. Nf3 cxb5 14. Bxb5 Nc5 15.
Nxc5 dxc5 16. Bc4 Ne8 17. a4 Nd6 18. Bd5 Rb8 19. Be3 b6 20. g4 Ba6 21. Rd1 Qf6
22. Ke2 Rfc8 23. g5 hxg5 24. Rhg1 c4 25. dxc4 Bd8 26. Bxg5 Qg6 27. Bxd8 Qh5 28.
Rg5 Qh6 29. Rdg1 Nxc4 30. Ke1 Rxd8 31. Bxc4 Bxc4 32. Qxc4 Qd6 33. Rxg7+ Kh8 34.
Rh7+ Kxh7 35. Qxf7+ Kh6 36. Qg7+ 1-0

[Event "4NCL/Div1/WG1-GUI1"]
[Site "Birmingham ENG"]
[Date "2002.??.??"]
[Round "11.1"]
[White "Morozevich, Alexander"]
[Black "Rowson, Jonathan"]
[Result "1/2-1/2"]
[WhiteElo "2718"]
[BlackElo "2527"]
[PlyCount "93"]
[EventDate "2002.??.??"]

1. e4 c5 2. Nf3 d6 3. d4 Nf6 4. Nc3 cxd4 5. Nxd4 a6 6. Bc4 e6 7. Bb3 b5 8. O-O
Be7 9. Qf3 Qc7 10. Qg3 Nc6 11. Nxc6 Qxc6 12. Re1 Bb7 13. a3 Rd8 14. a4 O-O 15.
axb5 axb5 16. Bh6 Ne8 17. Ra7 Kh8 18. Be3 Nf6 19. f3 Ra8 20. Rxa8 Rxa8 21. Ne2
b4 22. Nd4 Qc8 23. Qf2 Bf8 24. Bg5 Ra5 25. Bd2 d5 26. e5 Nd7 27. c3 bxc3 28.
Bxc3 Ra6 29. Bc2 Qa8 30. Qh4 h6 31. Kf2 Kg8 32. Qf4 Qa7 33. Qe3 Qb6 34. h4 Qd8
35. g3 h5 36. Kg2 g6 37. Nb5 Qb6 38. Qxb6 Rxb6 39. Nd4 Bb4 40. Kf2 Bxc3 41.
bxc3 Ba6 42. g4 hxg4 43. fxg4 Rb2 44. Kg3 Nc5 45. Re3 Bc4 46. h5 g5 47. Kh3
1/2-1/2

[Event "4NCL/Div1/WG1-GUI1"]
[Site "Birmingham ENG"]
[Date "2002.??.??"]
[Round "11.3"]
[White "Short, Nigel D"]
[Black "Kosten, Anthony C"]
[Result "1-0"]
[WhiteElo "2673"]
[BlackElo "2536"]
[PlyCount "96"]
[EventDate "2002.??.??"]

1. e4 c5 2. b3 Nc6 3. Bb2 d6 4. f4 e6 5. Nf3 Nf6 6. Nc3 Be7 7. g3 e5 8. fxe5
Nxe5 9. Nxe5 dxe5 10. Bb5+ Bd7 11. Qe2 a6 12. Bxd7+ Qxd7 13. a4 h5 14. h3 Rh6
15. a5 Rg6 16. Qf3 Bd8 17. Nd1 h4 18. g4 Nh7 19. Qf5 Bg5 20. d3 Nf8 21. Bxe5
Ne6 22. Nc3 Be3 23. Nd5 Rg5 24. Qf3 Rxe5 25. Nxe3 Qd4 26. Ra4 Qc3+ 27. Kf2 Nd4
28. Qd1 O-O-O 29. Qe1 Qb2 30. Qa1 Qxa1 31. Rhxa1 Rd6 32. Kg2 Nxc2 33. Nxc2 Rxd3
34. Rf1 Rxb3 35. Rxf7 Rc3 36. Rf2 Kc7 37. Ne1 c4 38. Rc2 Rg3+ 39. Kf2 Rxh3 40.
Rcxc4+ Kb8 41. Nf3 Rb5 42. Rcb4 Rc5 43. Rb3 Rc2+ 44. Ke3 Rg2 45. Rab4 Rxg4 46.
Rxb7+ Kc8 47. Rf7 g5 48. Rb6 Rg2 1-0

[Event "4NCL/Div1/WG1-GUI1"]
[Site "Birmingham ENG"]
[Date "2002.??.??"]
[Round "11.4"]
[White "Plaskett, Jim"]
[Black "Baburin, Alexander"]
[Result "0-1"]
[WhiteElo "2462"]
[BlackElo "2565"]
[PlyCount "74"]
[EventDate "2002.??.??"]

1. e4 Nf6 2. e5 Nd5 3. Nf3 d6 4. d4 Bg4 5. Be2 e6 6. h3 Bh5 7. O-O Be7 8. c4
Nb6 9. Nc3 O-O 10. Be3 a6 11. exd6 cxd6 12. c5 dxc5 13. dxc5 N6d7 14. b4 a5 15.
a3 axb4 16. axb4 Rxa1 17. Qxa1 Nc6 18. Rd1 Qc8 19. Qa4 Rd8 20. g4 Bg6 21. b5
Ncb8 22. Qa7 Re8 23. c6 bxc6 24. b6 h5 25. Rc1 hxg4 26. hxg4 Qd8 27. Rd1 Bf6
28. Na4 Bc2 29. Rd2 Be4 30. Nc5 Bd5 31. Nxd7 Nxd7 32. b7 Qe7 33. g5 Bc3 34. Rd3
Qb4 35. Bd4 Bxd4 36. Rxd4 Qb2 37. Bd1 Rb8 0-1

[Event "4NCL/Div1/WG1-GUI1"]
[Site "Birmingham ENG"]
[Date "2002.??.??"]
[Round "11.5"]
[White "Emms, John M"]
[Black "Gormally, Daniel W"]
[Result "1/2-1/2"]
[WhiteElo "2537"]
[BlackElo "2514"]
[PlyCount "36"]
[EventDate "2002.??.??"]

1. e4 c5 2. c3 Nf6 3. e5 Nd5 4. Nf3 Nc6 5. d4 cxd4 6. cxd4 d6 7. Bc4 e6 8. O-O
Be7 9. exd6 Qxd6 10. Nc3 O-O 11. Qe2 Nb6 12. Bb3 Nxd4 13. Nxd4 Qxd4 14. Rd1 Qc5
15. Be3 Qe5 16. Rac1 Bg5 17. Bxg5 Qxg5 18. Ne4 Qe7 1/2-1/2

[Event "4NCL/Div1/WG1-GUI1"]
[Site "Birmingham ENG"]
[Date "2002.??.??"]
[Round "11.6"]
[White "Matros, Alexander"]
[Black "Turner, Matthew J"]
[Result "0-1"]
[WhiteElo "2455"]
[BlackElo "2505"]
[PlyCount "130"]
[EventDate "2002.??.??"]

1. d4 Nf6 2. c4 e6 3. Nc3 d5 4. Nf3 dxc4 5. e3 a6 6. a4 c5 7. Bxc4 Nc6 8. O-O
cxd4 9. exd4 Be7 10. Bg5 O-O 11. Qd2 Nb4 12. Rad1 Bd7 13. Ne5 Bc6 14. Qe2 Nfd5
15. Bc1 Rc8 16. Bb3 Qb6 17. Ne4 Rfd8 18. Bg5 Be8 19. Bxe7 Nxe7 20. Qg4 Nbd5 21.
Bxd5 Nxd5 22. Nc5 Nf6 23. Qf3 Rd5 24. Nc4 Qc7 25. Qg3 Qxg3 26. hxg3 Rc7 27. a5
Bb5 28. b3 g6 29. Rfe1 Rd8 30. Nb6 Nd5 31. Nxd5 Rxd5 32. f3 e5 33. b4 exd4 34.
Rd2 d3 35. Re4 Bc6 36. Re3 Rd4 37. Rdxd3 Rxb4 38. Rd8+ Kg7 39. Nb3 Ba4 40. Nd2
Rb2 41. g4 Rcc2 42. Red3 Bb5 43. R3d6 Ra2 44. g5 Bc6 45. f4 h6 46. gxh6+ Kxh6
47. g4 Kg7 48. g5 Rxa5 49. Rc8 Ra1+ 50. Kf2 Raa2 51. Ke1 Bb5 52. Rb8 Rc1+ 53.
Kf2 Rf1+ 54. Kg3 Ra3+ 55. Kg2 Rxf4 56. Rxb7 Rg4+ 57. Kf2 Rxg5 58. Ne4 Rf5+ 59.
Kg2 Be2 60. Nd2 Raf3 61. Re7 Rg5+ 62. Kh2 Rf2+ 63. Kh3 Rg1 64. Rd4 g5 65. Re3
f6 0-1

[Event "4NCL/Div1/WG1-GUI1"]
[Site "Birmingham ENG"]
[Date "2002.??.??"]
[Round "11.7"]
[White "Ward, Christopher"]
[Black "Benitah, Yohan"]
[Result "1-0"]
[WhiteElo "2500"]
[BlackElo "2325"]
[PlyCount "59"]
[EventDate "2002.??.??"]

1. d4 d5 2. c4 c6 3. Nc3 dxc4 4. e4 b5 5. a4 b4 6. Nce2 e5 7. Nf3 Nf6 8. Ng3
exd4 9. Bxc4 Bc5 10. e5 Nd5 11. Ne4 Be7 12. Qxd4 O-O 13. O-O Bg4 14. Neg5 Bf5
15. Rd1 h6 16. Ne4 Nd7 17. Bxd5 cxd5 18. Nd6 Be6 19. Bf4 a5 20. Rac1 Rb8 21. b3
Nb6 22. Rc6 Bg4 23. Be3 Bxf3 24. gxf3 Na8 25. Qxd5 Bg5 26. f4 Bh4 27. Nf5 Qxd5
28. Rxd5 Bd8 29. Ba7 Rb7 30. Bc5 1-0

[Event "4NCL/Div1/WG1-GUI1"]
[Site "Birmingham ENG"]
[Date "2002.??.??"]
[Round "11.8"]
[White "Yurenok, Maria S"]
[Black "Hunt, Harriet"]
[Result "0-1"]
[WhiteElo "2098"]
[BlackElo "2415"]
[PlyCount "106"]
[EventDate "2002.??.??"]

1. d4 Nf6 2. Nf3 e6 3. Bg5 c5 4. c3 b6 5. e4 h6 6. Bxf6 Qxf6 7. e5 Qd8 8. d5
exd5 9. Qxd5 Nc6 10. Nbd2 Bb7 11. O-O-O Na5 12. Qd3 Qc7 13. Qf5 Bd5 14. Kb1 Qc6
15. Bd3 Qe6 16. Qxe6+ Bxe6 17. Ne4 Rb8 18. Bc2 Nb7 19. Rd2 b5 20. Rhd1 Be7 21.
Ng1 Na5 22. Nd6+ Bxd6 23. exd6 Nc4 24. Re2 O-O 25. b3 Nb6 26. Be4 a5 27. f4 f5
28. Bf3 c4 29. Kb2 cxb3 30. axb3 a4 31. b4 Kf7 32. Ka1 Rfc8 33. Re3 Nc4 34.
Red3 a3 35. Rd4 Ne3 36. Rc1 Bb3 37. Ne2 Nc2+ 38. Rxc2 Bxc2 39. Bd5+ Kf6 40. Rd2
Ba4 41. Ka2 Re8 42. Kxa3 Rb6 43. Ba2 Bd1 44. Nd4 Bh5 45. Kb2 Rxd6 46. Bb1 Bf7
47. Rf2 Bc4 48. Nxf5 Rd1 49. Nd4 Ree1 50. Ba2 Ra1 51. Bxc4 bxc4 52. b5 Reb1+
53. Kc2 Rxb5 0-1

[Event "4NCL/Div1/WG2-BARB1"]
[Site "Birmingham ENG"]
[Date "2002.??.??"]
[Round "11.1"]
[White "Littlewood, Paul E"]
[Black "Parker, Jonathan"]
[Result "1-0"]
[WhiteElo "2403"]
[BlackElo "2532"]
[PlyCount "75"]
[EventDate "2002.??.??"]

1. d4 Nf6 2. c4 e6 3. Nf3 b6 4. e3 Bb7 5. Bd3 d5 6. O-O dxc4 7. Bxc4 a6 8. Qe2
c5 9. Nc3 b5 10. Bb3 Nbd7 11. Rd1 Qb8 12. d5 exd5 13. Nxd5 Nxd5 14. Bxd5 Bxd5
15. Rxd5 Be7 16. e4 Qb7 17. Bg5 Nb6 18. Rf5 f6 19. Bh4 Qd7 20. Qc2 O-O 21. e5
Rad8 22. exf6 gxf6 23. Re1 Nc8 24. Rf4 Qd5 25. b3 Rf7 26. h3 Rdf8 27. Rfe4 Kh8
28. Qc1 Qh5 29. Qc3 Qf5 30. Qe3 Bd8 31. Bg3 Rg8 32. Re6 c4 33. bxc4 bxc4 34.
Rc6 Ba5 35. Rc5 Nd6 36. Rxf5 Nxf5 37. Qe6 Rfg7 38. Qxf5 1-0

[Event "4NCL/Div1/WG2-BARB1"]
[Site "Birmingham ENG"]
[Date "2002.??.??"]
[Round "11.2"]
[White "Kelly, Bryan"]
[Black "Martin, Andrew D"]
[Result "1-0"]
[WhiteElo "2445"]
[BlackElo "2443"]
[PlyCount "93"]
[EventDate "2002.??.??"]

1. c4 g6 2. d4 Bg7 3. Nf3 d6 4. Nc3 Nf6 5. e4 O-O 6. Be2 e5 7. O-O Nc6 8. d5
Ne7 9. Ne1 Nd7 10. Be3 f5 11. f3 Kh8 12. a4 Ng8 13. a5 Bh6 14. Bf2 Ngf6 15. Nd3
Nh5 16. c5 Ndf6 17. b4 Nf4 18. Nxf4 Bxf4 {(=)} 19. b5 fxe4 20. fxe4 h5 21. Qd3
Qe7 22. c6 bxc6 23. dxc6 Be6 24. Rab1 Rfd8 25. Be3 g5 26. Bf2 Qg7 27. b6 axb6
28. axb6 cxb6 29. Bxb6 Re8 30. Qxd6 h4 31. c7 g4 32. Ra1 Rxa1 33. Rxa1 Bc8 34.
Qd8 g3 35. h3 Qg6 36. Bb5 Nd7 37. Qxh4+ Kg7 38. Qg4 Qxg4 39. hxg4 Re6 40. Ba7
Nf6 41. Rd1 Re7 42. Bb6 Nxg4 43. Rd8 Be3+ 44. Bxe3 Rxc7 45. Bd2 Be6 46. Rd3 Ra7
47. Ba4 1-0

[Event "4NCL/Div1/WG2-BARB1"]
[Site "Birmingham ENG"]
[Date "2002.??.??"]
[Round "11.3"]
[White "Levitt, Jonathan P"]
[Black "Collinson, Adam"]
[Result "1-0"]
[WhiteElo "2412"]
[BlackElo "2391"]
[PlyCount "93"]
[EventDate "2002.??.??"]

1. d4 d6 2. c4 Nf6 3. Nc3 g6 4. e4 Bg7 5. f3 O-O 6. Be3 Nc6 7. Qd2 a6 8. h4 h5
9. Nge2 Rb8 10. Nc1 Ne8 11. Nb3 f5 12. O-O-O Nf6 13. Be2 e5 14. d5 Ne7 15. Kb1
b6 16. Rdg1 f4 17. Bf2 Kh7 18. g3 fxg3 19. Be3 Nfg8 20. Rxg3 Bh6 21. Bg5 Qe8
22. a3 Rf7 23. Nc1 Qf8 24. Nd3 Bd7 25. Bd1 Re8 26. Qg2 Nc8 27. Nb4 Nce7 28.
Nxa6 Rc8 29. Nb4 Nf6 30. Rg1 Bxg5 31. Rxg5 Qh6 32. Nd3 Nfg8 33. Qg3 Rcf8 34.
Be2 Qg7 35. Qg2 Qf6 36. Ka1 Nh6 37. Bd1 Rg7 38. f4 exf4 39. e5 dxe5 40. Ne4 Qf7
41. Nxe5 Qe8 42. Nxd7 Qxd7 43. Bxh5 Qe8 44. Bf3 Nef5 45. h5 Nh4 46. Qh3 Nxf3
47. hxg6+ 1-0

[Event "4NCL/Div1/WG2-BARB1"]
[Site "Birmingham ENG"]
[Date "2002.??.??"]
[Round "11.4"]
[White "Knott, Simon"]
[Black "Lee, Graham D"]
[Result "1/2-1/2"]
[WhiteElo "2370"]
[BlackElo "2338"]
[PlyCount "43"]
[EventDate "2002.??.??"]

1. Nf3 Nf6 2. c4 c5 3. Nc3 e6 4. g3 b6 5. Bg2 Bb7 6. O-O a6 7. Re1 Be7 8. e4 d6
9. d4 cxd4 10. Nxd4 Qc7 11. Be3 O-O 12. Rc1 Re8 13. f4 g6 14. g4 Bf8 15. g5
Nfd7 16. b3 Nc6 17. Qd2 Nxd4 18. Bxd4 Qb8 19. Be3 Bc6 20. Bf2 Qb7 21. Nd5 Qb8
22. Nb4 1/2-1/2

[Event "4NCL/Div1/WG2-BARB1"]
[Site "Birmingham ENG"]
[Date "2002.??.??"]
[Round "11.5"]
[White "Tiller, Bjorn"]
[Black "Ferguson, Mark"]
[Result "1/2-1/2"]
[WhiteElo "2383"]
[BlackElo "2376"]
[PlyCount "94"]
[EventDate "2002.??.??"]

1. e4 e5 2. f4 exf4 3. Nf3 g5 4. h4 g4 5. Ne5 Nf6 6. Bc4 d5 7. exd5 Bd6 8. d4
Nh5 9. O-O O-O 10. Nxg4 Qxh4 11. Nh2 Ng3 12. Rf2 f3 13. Qxf3 Ne4 14. g3 Bxg3
15. Rg2 Kh8 16. Nc3 Bxh2+ 17. Rxh2 Rg8+ 18. Rg2 Rxg2+ 19. Qxg2 Nd6 20. Bd3
Qxd4+ 21. Qf2 Qg4+ 22. Qg2 Qxg2+ 23. Kxg2 Bf5 24. Bxf5 Nxf5 25. Bf4 Nd7 26.
Bxc7 Ne3+ 27. Kf3 Nxc2 28. Rc1 Nb4 29. Re1 Rc8 30. Re7 Rxc7 31. d6 Ne5+ 32.
Rxe5 Rd7 33. Ne4 Nc6 34. Rh5 f5 35. Nf6 Rf7 36. Nd5 Rd7 37. Nf6 Rf7 38. Nd5
Ne5+ 39. Kf4 Nc4 40. Rh6 Kg7 41. Re6 Rd7 42. Ne3 Nxe3 43. Kxe3 Kf7 44. Rh6 Kg7
45. Re6 Kf7 46. Rh6 Ke8 47. Re6+ Kf7 1/2-1/2

[Event "4NCL/Div1/WG2-BARB1"]
[Site "Birmingham ENG"]
[Date "2002.??.??"]
[Round "11.6"]
[White "Rogers, Jonathan W"]
[Black "Sowray, Peter J"]
[Result "0-1"]
[WhiteElo "2346"]
[BlackElo "2312"]
[PlyCount "42"]
[EventDate "2002.??.??"]

1. e4 e5 2. Nf3 Nc6 3. Nc3 Nf6 4. d4 exd4 5. Nd5 Nb4 6. Nxd4 Nbxd5 7. exd5 Bc5
8. Nb3 Bb6 9. Qe2+ Qe7 10. d6 cxd6 11. Qxe7+ Kxe7 12. Be2 d5 13. Bf3 d6 14. O-O
Bg4 15. Bxg4 Nxg4 16. Bf4 Rac8 17. Rae1+ Kd7 18. Re2 Rhe8 19. Rxe8 Rxe8 20. Bg3
Re2 21. h3 Nf6 0-1

[Event "4NCL/Div1/WG2-BARB1"]
[Site "Birmingham ENG"]
[Date "2002.??.??"]
[Round "11.7"]
[White "Law, Andrew P"]
[Black "Webster, Andrew"]
[Result "1/2-1/2"]
[WhiteElo "2302"]
[BlackElo "2413"]
[PlyCount "21"]
[EventDate "2002.??.??"]

1. Nf3 Nf6 2. c4 b6 3. d4 e6 4. e3 Bb7 5. Bd3 Be7 6. O-O O-O 7. Nc3 d5 8. b3
Nbd7 9. Bb2 c5 10. Qe2 Qc7 11. Rac1 1/2-1/2

[Event "4NCL/Div1/TWR-BRI1"]
[Site "Birmingham ENG"]
[Date "2002.??.??"]
[Round "11.1"]
[White "Arkell, Keith C"]
[Black "Ansell, Simon"]
[Result "1/2-1/2"]
[WhiteElo "2478"]
[BlackElo "2396"]
[PlyCount "68"]
[EventDate "2002.??.??"]

1. c4 c5 2. Nc3 Nf6 3. g3 g6 4. Bg2 Bg7 5. a3 O-O 6. b4 d6 7. bxc5 dxc5 8. Rb1
Nc6 9. Nf3 Rb8 10. O-O b6 11. d3 Ne8 12. Bd2 Bb7 13. Qc1 Qd7 14. Bh6 Nd4 15.
Bxg7 Kxg7 16. Nxd4 Bxg2 17. Kxg2 cxd4 18. Ne4 Nc7 19. Qc2 Ne6 20. f4 Nc5 21.
Nxc5 bxc5 22. Rb3 Rb7 23. Rfb1 Rfb8 24. Rxb7 Rxb7 25. Rxb7 Qxb7+ 26. Kg1 e5 27.
fxe5 Qb8 28. e6 fxe6 29. Qa4 Kh6 30. Kf2 Qe5 31. Qxa7 Qe3+ 32. Kf1 Qc1+ 33. Kf2
Qe3+ 34. Kf1 Qc1+ 1/2-1/2

[Event "4NCL/Div1/TWR-BRI1"]
[Site "Birmingham ENG"]
[Date "2002.??.??"]
[Round "11.2"]
[White "Beaumont, Chris"]
[Black "Kirsanov, Oleg"]
[Result "1/2-1/2"]
[WhiteElo "2300"]
[BlackElo "2330"]
[PlyCount "40"]
[EventDate "2002.??.??"]

1. d4 d5 2. c4 c6 3. Nf3 Nf6 4. e3 Bf5 5. Bd3 Bxd3 6. Qxd3 e6 7. O-O Nbd7 8.
Nc3 Bd6 9. e4 dxe4 10. Nxe4 Nxe4 11. Qxe4 O-O 12. Bg5 Be7 13. Bxe7 Qxe7 14.
Rad1 Rad8 15. Rfe1 Rfe8 16. h4 h6 17. Qf4 Nf6 18. Qd2 Qc7 19. Qc3 c5 20. dxc5
Qxc5 1/2-1/2

[Event "4NCL/Div1/TWR-BRI1"]
[Site "Birmingham ENG"]
[Date "2002.??.??"]
[Round "11.3"]
[White "Dunnington, Angus J"]
[Black "Sherwin, James T"]
[Result "1/2-1/2"]
[WhiteElo "2382"]
[BlackElo "2339"]
[PlyCount "37"]
[EventDate "2002.??.??"]

1. Nf3 d5 2. d4 Nf6 3. c4 c6 4. e3 e6 5. Nbd2 Nbd7 6. Bd3 Be7 7. O-O O-O 8. e4
dxe4 9. Nxe4 Nxe4 10. Bxe4 Nf6 11. Bc2 c5 12. dxc5 Qxd1 13. Rxd1 Bxc5 14. Ne5
h6 15. b3 b6 16. Bb2 Bb7 17. Kf1 Rfd8 18. f3 Kf8 19. Ke2 1/2-1/2

[Event "4NCL/Div1/TWR-BRI1"]
[Site "Birmingham ENG"]
[Date "2002.??.??"]
[Round "11.4"]
[White "Cobb, Charles"]
[Black "Gayson, Peter M"]
[Result "1-0"]
[WhiteElo "2297"]
[BlackElo "2281"]
[PlyCount "61"]
[EventDate "2002.??.??"]

1. c4 e5 2. Nc3 d6 3. d4 Be7 4. Nf3 exd4 5. Nxd4 Nf6 6. e4 O-O 7. Be2 Nc6 8.
O-O Bd7 9. b3 Re8 10. f3 a6 11. Bb2 Rb8 12. Nc2 Bf8 13. Ne3 Ne5 14. Rc1 Ng6 15.
Qd2 Nh5 16. Rf2 Qg5 17. Bf1 Ngf4 18. g4 f5 19. Nxf5 Bxf5 20. exf5 d5 21. cxd5
Nf6 22. h4 Qxh4 23. Qxf4 Bc5 24. Rcc2 Re1 25. Ne4 Nxe4 26. fxe4 Re8 27. e5 Be3
28. Qf3 h5 29. gxh5 Bb6 30. Rc4 Qg5+ 31. Qg2 1-0

[Event "4NCL/Div1/TWR-BRI1"]
[Site "Birmingham ENG"]
[Date "2002.??.??"]
[Round "11.6"]
[White "Collier, David O"]
[Black "Buckley, Simon T"]
[Result "1/2-1/2"]
[WhiteElo "2255"]
[BlackElo "2243"]
[PlyCount "32"]
[EventDate "2002.??.??"]

1. d4 Nf6 2. Bg5 e6 3. Nf3 Be7 4. Nbd2 d5 5. e3 c5 6. c3 Nc6 7. Bd3 O-O 8. O-O
Rb8 9. Bf4 Ra8 10. h3 Bd6 11. Bxd6 Qxd6 12. Re1 Rd8 13. Qe2 e5 14. dxe5 Nxe5
15. Nxe5 Qxe5 16. e4 dxe4 1/2-1/2

[Event "4NCL/Div1/TWR-BRI1"]
[Site "Birmingham ENG"]
[Date "2002.??.??"]
[Round "11.7"]
[White "Barrett, Steve J"]
[Black "McFarland, Robert S"]
[Result "0-1"]
[WhiteElo "2199"]
[BlackElo "2280"]
[PlyCount "64"]
[EventDate "2002.??.??"]

1. d4 g6 2. c4 Bg7 3. Nc3 d6 4. e4 Nf6 5. f4 O-O 6. Nf3 c5 7. d5 e6 8. Be2 exd5
9. cxd5 Bg4 10. O-O Nbd7 11. Re1 Re8 12. h3 Bxf3 13. Bxf3 Qa5 14. g4 h6 15. h4
c4 16. g5 hxg5 17. hxg5 Nh7 18. Bg4 Nc5 19. e5 dxe5 20. f5 Nd3 21. Rf1 Qb6+ 22.
Kg2 Nf4+ 23. Rxf4 exf4 24. f6 Nxf6 25. gxf6 Qxf6 26. Qf3 g5 27. Bd2 Qg6 28. Rd1
Qc2 29. Kh1 Rad8 30. Qh3 Re5 31. Bc1 Rd6 32. Qf1 Rh6+ 0-1

[Event "4NCL/Div1/WES-BG2"]
[Site "Birmingham ENG"]
[Date "2002.??.??"]
[Round "11.1"]
[White "Poulton, James R"]
[Black "McDonald, Neil R"]
[Result "1/2-1/2"]
[WhiteElo "2409"]
[BlackElo "2389"]
[PlyCount "25"]
[EventDate "2002.??.??"]

1. e4 e6 2. d4 d5 3. Nc3 dxe4 4. Nxe4 Bd7 5. Nf3 Bc6 6. Bd3 Nd7 7. O-O Ngf6 8.
Qe2 Nxe4 9. Bxe4 Bxe4 10. Qxe4 c6 11. Rd1 Nf6 12. Qe2 Be7 13. Bf4 1/2-1/2

[Event "4NCL/Div1/WES-BG2"]
[Site "Birmingham ENG"]
[Date "2002.??.??"]
[Round "11.2"]
[White "Richardson, John R"]
[Black "Webb, Richard M"]
[Result "1/2-1/2"]
[WhiteElo "2308"]
[BlackElo "2361"]
[PlyCount "20"]
[EventDate "2002.??.??"]

1. c4 c5 2. Nc3 Nf6 3. Nf3 d5 4. cxd5 Nxd5 5. e4 Nb4 6. d3 e6 7. Be3 Be7 8. Be2
O-O 9. O-O b6 10. d4 cxd4 1/2-1/2